01665aam a2200241 a 4500003001000000005001700010007000300027008004100030020002200071040003000093041001300123100004300136245004600179260003800225300002100263490003600284505002300320505012600343520082300469650003001292655003001322751007101352AR-RoUNCS20260630164313.0ta141218s2013 ag |r 00| j spa d a978-950-753-335-8 aAR-RoUNCSbspacAR-RoUNCS1 aspaheng1 aDoyle, Arthur Conan,d1859-1930eautor10aElemental, Watson / cArthur Conan Doyle. aSan Isidro : bCántaro,cc2013. a100 p. ;c19 cm.0 aColección Del Mirador ; v232 tPuertas de acceso. tElemental, Watson.gLa aventura del carbunclo azul ; Las cinco semillas de naranja ; La aventura de los tres estudiantes. aElemental, Watson ¿Qué significan cinco semillas de naranja en un sobre con las siglas K.K.K.? ¿Cuál es la posible relación entre un sombrero con forma de hongo, un rubí y un ganso para Nochebuena? ¿Hasta qué extremo puede llegar el estudiante de una prestigiosa universidad inglesa para aprobar un examen de Griego? A partir de estas preguntas, Arthur Conan Doyle urde tres casos que deberá resolver su célebre detective Sherlock Holmes, acompañado del no menos célebre doctor John Watson. Y su resolución es más que un mero relato policial. Porque Holmes representa la superioridad de la aguda inteligencia, de la capacidad de observación y del conocimiento científico sobre la violencia y el delito. Y su cronista, el animoso Watson, nos recuerda que hay cosas que vale la pena contar.  7aLiteratura inglesa2embne 7aNovelas policiacas2embne aSan Isidro (Buenos Aires : Provincia)elugar de publicación4pup